Culture générale - tout genre de question - Statistiques

Statistiques générales
  • Ce quiz a été pris 298 fois
  • Le résultat moyen est 7 sur 14
Statistiques - réponses
Question Réponse % Correct
Comment appelle-ont le soccer en France? Foot
93%
La neige c'est en état liquide, solide ou gazeux? Solide
89%
Quelle est la langue la plus utiliser dans le monde? Anglais
81%
Les chats voient t-ils dans le noir? Non
78%
Quelle est le réseau sociaux le plus utiliser? Facebook
77%
Quelle est le vrai Nom du "Petit doigt"? Auriculaire
69%
Quelle sont les deux couleur de Noël en France? Vert et rouge
56%
Quelle partie du corps réussi a nous créer notre voix? Cordes vocales
50%
Quelle est le muscle le plus fort du corps humain? Langue
48%
Comment s'appelait le père noël avant de s'appeler Père Noël? Saint-Nicolas
34%
Combien de fois les Canadiens de Montréal ont gagné la coupe Stanley? 24
24%
Quelle est la première marque d'auto que les Québécois préfère t-il? Toyota
21%
Quand étais la dernière fois que les Canadiens ont Gagné la coupe Stanley? 1993
16%
Qui porte le numéros 11 dans la ligue des Canadien de Montréal? Gallagher
2%
Aucun quiz correspondant
Distribution des résultats
% des personnes avec chaque résultat
Percentile par nombre de réponses
Votre historique - résultats
Vous n’avez pas pris ce quiz